[Event "Titled Tuesday intern op 16th Apr Early"]
[Site "Chess.com INT"]
[Date "2024.04.16"]
[Round "8"]
[White "Travkina, Anastasia"]
[Black "Hua, Lefong"]
[Result "1/2-1/2"]
[WhiteElo "2202"]
[BlackElo "2305"]
[PlyCount "75"]
[EventDate "2024.04.16"]
[EventType "swiss (blitz)"]
[EventRounds "11"]
[EventCountry "USA"]
[SourceTitle "CB17_2024"]
[SourceDate "2024.04.24"]
[SourceVersion "1"]
[SourceVersionDate "2024.04.24"]
[SourceQuality "1"]

1. e4 c5 2. Nf3 g6 3. c4 Bg7 4. d4 cxd4 5. Nxd4 Nc6 6. Be3 Nf6 7. Nc3 d6 8. Be2 0-0 9. 0-0 Bd7 10. Rc1 Nxd4 11. Bxd4 Bc6 12. f3 a5 13. b3 Nd7 14. Bxg7 Kxg7 15. Qd4+ Kg8 16. Nd5 Bxd5 17. cxd5 Nc5 18. e5 Qb6 19. f4 Nd7 20. Qxb6 Nxb6 21. Rc7 Nxd5 22. Rxb7 dxe5 23. fxe5 e6 24. Bf3 a4 25. Bxd5 exd5 26. b4 Rae8 27. Re1 Re6 28. Rd7 a3 29. Rxd5 Rb8 30. b5 Rc8 31. Rd3 Rc5 32. Rxa3 Rxb5 33. Rae3 Ra5 34. a3 Rea6 35. Ra1 Re6 36. Rae1 Rea6 37. Ra1 Re6 38. Rae1 1/2-1/2

[Event "Titled Tuesday intern op 16th Apr Early"]
[Site "Chess.com INT"]
[Date "2024.04.16"]
[Round "5"]
[White "Travkina, Anastasia"]
[Black "Kurchenko, Egor"]
[Result "0-1"]
[WhiteElo "2202"]
[BlackElo "2306"]
[PlyCount "78"]
[EventDate "2024.04.16"]
[EventType "swiss (blitz)"]
[EventRounds "11"]
[EventCountry "USA"]
[SourceTitle "CB17_2024"]
[SourceDate "2024.04.24"]
[SourceVersion "1"]
[SourceVersionDate "2024.04.24"]
[SourceQuality "1"]

1. e4 e5 2. Nf3 Nc6 3. Bc4 Nf6 4. d4 exd4 5. Ng5 Ne5 6. Bb3 h6 7. f4 hxg5 8. fxe5 Nxe4 9. Bd5 Nc5 10. 0-0 Ne6 11. Qf3 Qe7 12. Nd2 c6 13. Ne4 Rh4 14. Bxe6 Qxe6 15. Nd6+ Bxd6 16. exd6 f6 17. Bxg5 Re4 18. Qh5+ Kf8 19. Bxf6 Kg8 20. Qg6 Rg4 21. Qh5 Qe3+ 22. Kh1 Qe4 23. Rf2 gxf6 24. Raf1 b6 25. Qh3 Ba6 26. Rg1 Rf8 27. Qh6 Rg7 28. Rf3 Be2 29. Rh3 d3 30. cxd3 Bxd3 31. Rf3 Qg6 32. Qd2 Be4 33. Rg3 Qxg3 34. Qe2 Bxg2+ 35. Rxg2 Qxg2+ 36. Qxg2 Rxg2 37. Kxg2 Re8 38. Kf3 Re6 39. Kf4 Rxd6 0-1

[Event "Swiss Queens Wed #5"]
[Site "FIDE Online Arena INT"]
[Date "2024.02.28"]
[Round "10"]
[White "Priyanka, Nutakki"]
[Black "Travkina, Anastasia"]
[Result "1-0"]
[WhiteElo "2272"]
[BlackElo "2202"]
[PlyCount "59"]
[EventDate "2024.02.28"]
[EventType "swiss (blitz)"]
[EventRounds "11"]
[EventCountry "NET"]
[SourceTitle "CB10_2024"]
[SourceDate "2024.03.06"]
[SourceVersion "1"]
[SourceVersionDate "2024.03.06"]
[SourceQuality "1"]

1. Nf3 Nf6 2. b3 b5 3. Bb2 Bb7 4. e3 b4 5. a3 e6 6. Be2 a5 7. 0-0 Na6 8. axb4 axb4 9. d4 Be7 10. Nbd2 0-0 11. Nc4 c5 12. Na5 Be4 13. Nd2 cxd4 14. Nxe4 Nxe4 15. Bxd4 Nac5 16. Nc4 d5 17. Ne5 Qc7 18. Nd3 Bd6 19. h3 Qb7 20. Qe1 Rxa1 21. Qxa1 Ra8 22. Qb2 f6 23. Ra1 Nxd3 24. cxd3 Nc5 25. Rc1 Ra5 26. Bxc5 Bxc5 27. d4 Bd6 28. Qc2 Kf7 29. Qxh7 Bb8 30. Bh5+ 1-0

[Event "Swiss Queens Wed #4"]
[Site "FIDE Online Arena INT"]
[Date "2024.02.21"]
[Round "6"]
[White "Devanshi, Rathi"]
[Black "Travkina, Anastasia"]
[Result "0-1"]
[WhiteElo "1559"]
[BlackElo "2202"]
[PlyCount "90"]
[EventDate "2024.02.21"]
[EventType "swiss (blitz)"]
[EventRounds "11"]
[EventCountry "NET"]
[SourceTitle "CB09_2024"]
[SourceDate "2024.02.28"]
[SourceVersion "1"]
[SourceVersionDate "2024.02.28"]
[SourceQuality "1"]

1. e4 c5 2. Nc3 g6 3. f4 Bg7 4. Nf3 Nc6 5. Bc4 d6 6. 0-0 Nf6 7. d3 0-0 8. Qe1 a6 9. a4 Rb8 10. Qh4 Nd4 11. Nxd4 cxd4 12. Ne2 b5 13. axb5 axb5 14. Bb3 Nd7 15. f5 Nc5 16. Bh6 Nxb3 17. cxb3 d5 18. Bxg7 Kxg7 19. fxg6 hxg6 20. Nxd4 dxe4 21. Qxe4 Bb7 22. Qe5+ Kg8 23. Nxb5 Qxd3 24. Nd4 Rbd8 25. Rad1 Qe4 26. Qxe4 Bxe4 27. Rfe1 f5 28. Ne6 Rxd1 29. Rxd1 Rc8 30. Rd2 Bc2 31. Nd4 Be4 32. Kf2 e5 33. Nf3 Rc5 34. Rd8+ Kg7 35. Rd7+ Kf6 36. Rd6+ Kg7 37. Rd7+ Kh6 38. Rd2 Rb5 39. Ke3 Bxf3 40. Kxf3 Rxb3+ 41. Kf2 Kg5 42. Re2 e4 43. Rd2 e3+ 44. Ke2 exd2 45. Kxd2 Rxb2+ 0-1

[Event "Swiss Queens Wed #4"]
[Site "FIDE Online Arena INT"]
[Date "2024.02.21"]
[Round "9"]
[White "Travkina, Anastasia"]
[Black "Preobrazhenskaya, Diana"]
[Result "0-1"]
[WhiteElo "2202"]
[BlackElo "1859"]
[PlyCount "64"]
[EventDate "2024.02.21"]
[EventType "swiss (blitz)"]
[EventRounds "11"]
[EventCountry "NET"]
[SourceTitle "CB09_2024"]
[SourceDate "2024.02.28"]
[SourceVersion "1"]
[SourceVersionDate "2024.02.28"]
[SourceQuality "1"]

1. e4 c5 2. Nf3 d6 3. d4 cxd4 4. Nxd4 Nf6 5. Nc3 a6 6. Bg5 Nbd7 7. f4 Qa5 8. Qf3 h6 9. Bxf6 Nxf6 10. f5 g5 11. fxg6 fxg6 12. h3 Bg7 13. 0-0-0 0-0 14. Qg3 Kh7 15. Kb1 e5 16. Nb3 Qc7 17. Be2 Be6 18. Nd2 b5 19. a3 Rab8 20. Nd5 Nxd5 21. exd5 Bxd5 22. Bd3 Bf7 23. Rhf1 d5 24. h4 h5 25. Nf3 Bf6 26. Nh2 Qe7 27. Qf2 Be8 28. Nf3 e4 29. Rde1 Qc7 30. Ng5+ Kg8 31. Be2 Qe5 32. Qa7 Qxb2# 0-1

[Event "Swiss Queens Wed #3"]
[Site "FIDE Online Arena INT"]
[Date "2024.02.14"]
[Round "11"]
[White "Devanshi, Rathi"]
[Black "Travkina, Anastasia"]
[Result "0-1"]
[WhiteElo "1559"]
[BlackElo "2202"]
[PlyCount "68"]
[EventDate "2024.02.14"]
[EventType "swiss (blitz)"]
[EventRounds "11"]
[EventCountry "NET"]
[SourceTitle "CB08_2024"]
[SourceDate "2024.02.21"]
[SourceVersion "1"]
[SourceVersionDate "2024.02.21"]
[SourceQuality "1"]

1. e4 c5 2. Nc3 g6 3. f4 Bg7 4. Nf3 Nc6 5. Bb5 Nd4 6. Nxd4 cxd4 7. Ne2 a6 8. Bc4 e6 9. d3 d5 10. Bb3 dxe4 11. dxe4 Nf6 12. e5 Nh5 13. Qxd4 Qh4+ 14. g3 Qh3 15. Ba4+ b5 16. Qe4 Rb8 17. Bb3 Bb7 18. Qd3 Bxh1 19. Be3 Rd8 20. Qc3 0-0 21. a4 Qxh2 22. Bf2 Bd5 23. Bxd5 Rxd5 24. Qf3 Rfd8 25. axb5 axb5 26. g4 Bf8 27. gxh5 Bc5 28. Bxc5 Rxc5 29. Rd1 Qh4+ 30. Ng3 Rcd5 31. Rxd5 Rxd5 32. Kf2 Qh2+ 33. Ke3 Qd2+ 34. Ke4 Qd4# 0-1

[Event "Titled Tuesday intern op 06th Feb Early"]
[Site "Chess.com INT"]
[Date "2024.02.06"]
[Round "4"]
[White "Seder, Mohamad"]
[Black "Travkina, Anastasia"]
[Result "1/2-1/2"]
[WhiteElo "2077"]
[BlackElo "2202"]
[PlyCount "139"]
[EventDate "2024.02.06"]
[EventType "swiss (blitz)"]
[EventRounds "11"]
[EventCountry "USA"]
[SourceTitle "CB07_2024"]
[SourceDate "2024.02.14"]
[SourceVersion "1"]
[SourceVersionDate "2024.02.14"]
[SourceQuality "1"]

1. b3 e5 2. Bb2 Nc6 3. e3 g6 4. f4 Bg7 5. Nf3 d6 6. Bb5 Nge7 7. fxe5 0-0 8. 0-0 Nxe5 9. Nxe5 dxe5 10. e4 a6 11. Bc4 b5 12. Be2 Nc6 13. d3 Nd4 14. Nd2 c5 15. a4 Bb7 16. Nf3 c4 17. Nxd4 exd4 18. dxc4 bxc4 19. Bxc4 Bxe4 20. Qe2 Bd5 21. Rae1 Bxc4 22. Qxc4 Qc8 23. Qd3 Re8 24. Rxe8+ Qxe8 25. Bxd4 Rd8 26. c3 Qe6 27. Qc4 Qxc4 28. bxc4 Bxd4+ 29. cxd4 Rxd4 30. Rc1 Rd6 31. Kf2 Kf8 32. Ke3 Ke7 33. c5 Re6+ 34. Kd4 Kd7 35. Kd5 Rf6 36. Rd1 Kc7 37. Re1 Rf5+ 38. Kc4 Kc6 39. Re7 Rxc5+ 40. Kb4 a5+ 41. Kb3 Rf5 42. Ra7 h5 43. Ra6+ Kb7 44. Rd6 Rf2 45. h4 Rxg2 46. Rd7+ Kb6 47. Rxf7 Rg3+ 48. Kb2 Rg4 49. Kb3 Rb4+ 50. Ka3 Rxh4 51. Rf6+ Kc5 52. Rxg6 Rh3+ 53. Kb2 Kb4 54. Rb6+ Kxa4 55. Rb8 Rh2+ 56. Kc3 h4 57. Rh8 h3 58. Rh5 Rh1 59. Kb2 h2 60. Rh4+ Kb5 61. Rh5+ Kc4 62. Ka2 a4 63. Rh4+ Kd3 64. Rh3+ Ke4 65. Rh4+ Kf3 66. Rh8 Rg1 67. Rxh2 Rg2+ 68. Rxg2 Kxg2 69. Ka3 Kf3 70. Kxa4 1/2-1/2

[Event "Titled Tuesday intern op 06th Feb Early"]
[Site "Chess.com INT"]
[Date "2024.02.06"]
[Round "3"]
[White "Travkina, Anastasia"]
[Black "Luxama, Jacques Muller"]
[Result "1-0"]
[WhiteElo "2202"]
[BlackElo "1933"]
[PlyCount "67"]
[EventDate "2024.02.06"]
[EventType "swiss (blitz)"]
[EventRounds "11"]
[EventCountry "USA"]
[SourceTitle "CB07_2024"]
[SourceDate "2024.02.14"]
[SourceVersion "1"]
[SourceVersionDate "2024.02.14"]
[SourceQuality "1"]

1. e4 e6 2. d4 d5 3. Nc3 dxe4 4. Nxe4 Nd7 5. Nf3 Ngf6 6. Bg5 Be7 7. Bxf6 Nxf6 8. Bd3 0-0 9. Qe2 c5 10. 0-0-0 cxd4 11. Nfg5 Nxe4 12. Nxe4 Qa5 13. Kb1 e5 14. h4 Be6 15. b3 h6 16. Ng5 Bb4 17. Nxe6 fxe6 18. Qe4 Bc3 19. Qh7+ Kf7 20. Bg6+ Ke7 21. Qxg7+ Kd6 22. Rh3 Rxf2 23. Qxb7 Raf8 24. a4 Rf1 25. Rhd3 Rxd1+ 26. Rxd1 Qc5 27. Qa6+ Kc7 28. Be4 Rb8 29. Ka2 Qb6 30. Qc4+ Kd6 31. Qxc3 Rf8 32. Qg3 Qc5 33. Bd3 Rf4 34. Re1 1-0